| 000 | 00805nam a2200253 i 4500 | ||
|---|---|---|---|
| 001 | bg | ||
| 100 | 1 | _aMAJEWSKI, Jerzy | |
| 245 | 1 | 0 |
_aEksploatacja i diagnostyka elektrycznych urządzeń okrętowych / _cJerzy Majewski. |
| 250 | _aWyd. 2. | ||
| 260 |
_aGdynia : _bWydaw. Uczelniane WSM [Wyższej Szkoły Morskiej], _c2000. |
||
| 300 |
_a273 s., [3] k. tabl. złoż. : _bil. ; _c21 cm. |
||
| 504 | _aBibliogr. | ||
| 650 | 9 |
_aDiagnostyka techniczna _xzagadnienia |
|
| 650 | 9 |
_aStatki _xelektrotechnika _xurządzenia _xbadanie |
|
| 650 | 9 |
_aStatki _xobsługa i eksploatacja |
|
| 655 | _aPodręczniki akademickie | ||
| 020 | _a8386703482 | ||
| 040 | _cBPK | ||
| 041 | 0 | _apl | |
| 080 | _a629.5:621.31](075.8) | ||
| 920 | _a83-86703-48-2 | ||
| 942 | _cKS | ||
| 008 | s pl f |000 0 pol | ||
| 999 |
_c39204 _d39204 |
||
| 856 |
_uhttp://koha.tu.koszalin.pl/cgi-bin/koha/opac-detail.pl?biblionumber=39204 _yKatalog online BPK |
||